000
00271nam a22001097a 4500
040
_c
SCME
100
_a
Asad Saleem Sheikh
_9
21008
245
_a
Encyclopedia Tareek e Pakistan
260
_a
Lahore
_b
Sang-E-Meel Publication
_c
1999
300
_a
1271p.
942
_2
ddc
_c
ENC
999
_c
609184
_d
609184